000 00265nam a2200109Ia 4500
005 20251222152623.0
008 251222s9999||||xx |||||||||||||| ||spa||
020 _a848964604X
082 _a346.460/F89
245 0 _aEl Proceso de Ejecución Hipotecaria
942 _cLIB
999 _c27437
_d27437